UCCHAMANAR BYASTIGATA ARTHABIGYAN (উচ্চমানৰ ব্যষ্টিগত অৰ্থবিজ্ঞান) (Record no. 24676)
[ view plain ]
| 000 -LEADER | |
|---|---|
| fixed length control field | 00678nam a22002057a 4500 |
| 005 - DATE AND TIME OF LATEST TRANSACTION | |
| control field | 20250425051349.0 |
| 008 - FIXED-LENGTH DATA ELEMENTS--GENERAL INFORMATION | |
| fixed length control field | 211004b ||||| |||| 00| 0 eng d |
| 020 ## - INTERNATIONAL STANDARD BOOK NUMBER | |
| International Standard Book Number | 9789391060435 |
| 040 ## - CATALOGING SOURCE | |
| Transcribing agency | oclc |
| 082 ## - DEWEY DECIMAL CLASSIFICATION NUMBER | |
| Classification number | 338.5 |
| Item number | BAR |
| 100 ## - MAIN ENTRY--PERSONAL NAME | |
| Personal name | Baruah, Minati Gogoi |
| 9 (RLIN) | 572 |
| 245 ## - TITLE STATEMENT | |
| Title | UCCHAMANAR BYASTIGATA ARTHABIGYAN (উচ্চমানৰ ব্যষ্টিগত অৰ্থবিজ্ঞান) |
| 250 ## - EDITION STATEMENT | |
| Edition statement | 1st |
| 260 ## - PUBLICATION, DISTRIBUTION, ETC. | |
| Place of publication, distribution, etc. | Dibrugarh |
| Name of publisher, distributor, etc. | Banalata |
| Date of publication, distribution, etc. | June 2021 |
| 300 ## - PHYSICAL DESCRIPTION | |
| Extent | 246 ; p |
| Other physical details | PB |
| Dimensions | 21cm |
| 700 ## - ADDED ENTRY--PERSONAL NAME | |
| Personal name | Hazarika, Dr. Bidisha Mahanta |
| Relator term | Author |
| 700 ## - ADDED ENTRY--PERSONAL NAME | |
| Personal name | Neog, Dr. Brajen Chandra |
| Relator term | Author |
| 700 ## - ADDED ENTRY--PERSONAL NAME | |
| Personal name | Borah, Arindam |
| Relator term | Author |
| 942 ## - ADDED ENTRY ELEMENTS (KOHA) | |
| Source of classification or shelving scheme | Dewey Decimal Classification |
| Koha item type | Books |
| 700 ## - ADDED ENTRY--PERSONAL NAME | |
| 9 (RLIN) | 573 |
| 700 ## - ADDED ENTRY--PERSONAL NAME | |
| 9 (RLIN) | 574 |
| 700 ## - ADDED ENTRY--PERSONAL NAME | |
| 9 (RLIN) | 575 |
| Withdrawn status | Lost status | Source of classification or shelving scheme | Damaged status | Not for loan | Collection code | Home library | Current library | Shelving location | Date acquired | Total Checkouts | Total Renewals | Full call number | Barcode | Date last seen | Date last checked out | Copy number | Price effective from | Koha item type | Public note |
|---|---|---|---|---|---|---|---|---|---|---|---|---|---|---|---|---|---|---|---|
| Dewey Decimal Classification | TBECO | Central Library and Information Centre Sibsagar Girls College | Central Library and Information Centre Sibsagar Girls College | ECONOMICS BOOK RACK | 13.09.2021 | 6 | 1 | 338.5 BAR | 44602 | 06.06.2025 | 19.05.2025 | 1 | 04.10.2021 | Books | V | ||||
| Dewey Decimal Classification | TBECO | Central Library and Information Centre Sibsagar Girls College | Central Library and Information Centre Sibsagar Girls College | ECONOMICS BOOK RACK | 13.09.2021 | 4 | 338.5 BAR | 44603 | 02.04.2024 | 29.02.2024 | 2 | 04.10.2021 | Books | V | |||||
| Dewey Decimal Classification | TBECO | Central Library and Information Centre Sibsagar Girls College | Central Library and Information Centre Sibsagar Girls College | ECONOMICS BOOK RACK | 13.09.2021 | 5 | 2 | 338.5 BAR | 44604 | 20.05.2026 | 18.05.2026 | 3 | 04.10.2021 | Books | V |